| 000 | 00605nam a2200181Ia 4500 | ||
|---|---|---|---|
| 003 | GCL | ||
| 008 | 140319s9999 xx 000 0 ara d | ||
| 040 |
_aGCL / _cGCL |
||
| 082 | 0 | 4 |
_aق _b027.46211 |
| 100 | 1 | _aعادل حسنين | |
| 245 | 1 | 0 |
_aمكتبة الاسكندرية ومجدها / _cعادل حسنين |
| 260 |
_aالقاهرة : _bدار امادو للنشر ، _c2002 |
||
| 300 |
_a67 ص ؛ _c20 سم |
||
| 490 |
_aمكتبة الاسكندرية _v2 |
||
| 650 | 0 | 4 | _aمكتبة الاسكندرية القديمة |
| 650 | 0 | 4 | _aالمكتبات العامة - مصر |
| 942 |
_2ddc _cBK |
||
| 999 |
_c32461 _d32461 |
||